| 000 | 00469nam a2200145 i 4500 | ||
|---|---|---|---|
| 001 | 59381 | ||
| 003 | ES-MaACL | ||
| 005 | 20230906164024.0 | ||
| 007 | t| | ||
| 008 | 031028s1921 sp ||||1| spa d | ||
| 100 | 1 |
_aElola, José de ( _d1859-1933) _947068 |
|
| 245 | 1 | 0 |
_aLo que en España puede hacer un ministro decidido _b: historia documentada del caso Elola Portago / _cJosé de Elola y Gutiérrez. |
| 260 |
_aMadrid : _b[s.n., _c1921] |
||
| 852 |
_aES-MaACL _j1599-F-3 |
||
| 999 |
_c59381 _d59381 |
||